Gravity Falls Character Picture Quiz - Statistics

General Stats
  • This quiz has been taken 862 times
  • The average score is 13 of 18
Answer Stats
Picture Answer % Correct
Dipper Pines
99%
Stan Pines
98%
Mabel Pines
97%
Wendy Corduroy
95%
Soos Ramirez
88%
Gideon Gleeful
87%
Ford Pines
84%
Pacifica Northwest
78%
Robbie Valentino
77%
Waddles
73%
Bill Cipher
70%
Old Man McGucket
69%
Candy Chiu
66%
Grenda Grendinator
62%
Blendin Blandin
50%
Sheriff Blubs
42%
Manly Dan
38%
Deputy Durland
34%
No matching quizzes found
Score Distribution
Percent of People with Each Score
Percentile by Number Answered
Your Score History
You have not taken this quiz